000 01810nam a2200193Ia 4500
008 220216s9999 xx 000 0 und d
100 _aRodrigo V H L
245 0 _aPriorities and objectives of smallholder rubber growers and the contribution of intercropping to livelihood strategies : A case study from Sri Lanka
260 _bOutlook on Agriculture
300 _a261-266
520 _aA case study is used to illustrate the agronomic and socioeconomic complexity of smallholder cropping systems in Sri Lanka and how rubber, and in particular the intercropping of immature rubber, has contributed to improving rural livelihoods through raising household income and capital assets. Smallholder cropping systems are extermely diverse and what appeared initially as random planting was seen to be anything but, with planting arrangements based on a thorough knowledge of local soil and microclimate conditions, as well as on the specific needs of the household. The potential benefits of intercropping immature rubber are discussed and the authors show how the more liberal attitude towards intercropping within the rubber extension service has impacted positively on the livelihoods of smallholder farmers. A cash flow was constructed for the household, indicating that over two-thirds of annual household income was derived from onfarm activities, with 70;of this from intercropping on immature rubber lan. The benefits of rubber intercropping to income generation, land tenure and upkeep of immature rubber lands are discussed within the context not only of the smallholder, but also in terms of the estate sector.
650 _aIntercropping
650 _aSmallholder rubber
650 _aSri Lanka
700 _aStirling C M
700 _aThenakoon S
856 _uCopy of article
942 _cJS
999 _c65704
_d65704